000 00964cam a2200277 4500
001 22018
003 BD-RjUL
005 20211209000746.0
008 140306s1970 enkab 001 0 eng d
035 _a(BD-RjUL)22083
040 _aDLC
_cDLC
_dDLC
_dBD-RjUL
_beng
041 _aeng
082 0 0 _a914.2
_bBOG V-3 1970
100 1 _aBolton, Thomas.
_967999
245 1 0 _aGeography through fieldwork /
_cby T. Bolton & P. A. Newbury.
_nBook Three :
_pStudies in Wales Scotland and England
260 _aLondon :
_bBlandford P.,
_c1970.
300 _a136 p. :
_billus. (some col.), maps (some col.), tables, diagrs. ;
_c21 1/2 cm.
504 _aIncludes Index
505 0 _aVol. 1--Vol.--2-Exploring Britain
650 0 _aPhysical geography
_xFieldwork.
_968000
651 0 _aGreat Britain
_xGeography.
_968001
651 0 _aGreat Britain
_xAntiquities.
_959815
700 1 _aNewbury, Paul Augustus,
_ejoint author.
_968002
942 _2ddc
_cBK
999 _c22018
_d22018